000 00390nam a2200169Ia 4500
008 090124s9999 xx 000 0 und d
082 _b107009
100 _aFUCHS VIVIAN
245 _aANTARETIC ADVENTURE
250 _a0
300 _a189
600 _aFUCHS VIVIAN
630 _aANTARETIC ADVENTURE
700 _aFUCHS VIVIAN
730 _aANTARETIC ADVENTURE
942 _cBOOK
999 _c153100
_d153100